000
00196 a2200097 4500
001
929
100
_a
Gavin,M.R
245
_a
Principles of electronics
260
_a
_b
E.U.P
_c
090
_c
519
_d
519
942
_a
NUST-CAE
_c
M
_c
31589
999
_c
236002
_d
236002